| 000 | 00360nam a2200145Ia 4500 | ||
|---|---|---|---|
| 003 | OSt | ||
| 005 | 20240316101211.0 | ||
| 008 | 170523s9999 xx 000 0 und d | ||
| 020 | _a9789382174660 | ||
| 040 | _cIIMT UNIVERSITY MEERUT | ||
| 100 | _aSrivastava- P.K. | ||
| 245 | 0 | _aApplied Mathematics-1 | |
| 260 | _aNew Delhi : Vayu Education | ||
| 942 |
_2ddc _c02 |
||
| 999 |
_c11845 _d11845 |
||